000 00280nam a22001337a 4500
008 171206b xxu||||| |||| 00| 0 eng d
020 _a0809462044
041 _aeng
080 _a621
100 _a27
101 _aIM
245 _aMAJOR APPLIANCE
_cKIELY.K.M
942 _2udc
_cBK
999 _c38795
_d38795